Xiljada i sto godini clovjanska pismenost 863-1963 Sbornik v čest na Kiril i Metodij

Bibliographic Details
Format: Book
Language:Undetermined
PhysicalDescription:543 s.
Published: Sofija Izdatelstvo na Blgarskata Akademija Naukite 1963

MARC

LEADER 00000nam a2200000 a 4500
001 vtls001421541
003 SK-MaSNL
005 20260223175112.0
008 210928s1963 xx 0 und
035 |a SNK000376394 
040 |a SNK  |b slo  |c SNK  |e AACR2 
245 1 |a Xiljada i sto godini clovjanska pismenost 863-1963  |b Sbornik v čest na Kiril i Metodij 
260 |a Sofija  |b Izdatelstvo na Blgarskata Akademija Naukite  |c 1963 
300 |a 543 s. 
958 |a OND 
999 |c 640697  |d 642627 
952 |t P60, <04>, [BOOK], {604}  |a SNK  |b SNK  |y VYP  |7 0  |p 17A0317330  |o snkIC 38904  |0 0  |1 0  |4 0  |d 2001-09-28  |l 0  |r 2005-01-02 00:00:00  |w 2026-02-23